Régimen de promoción de la economía del conocimiento, un incentivo a largo plazo (Registro nro. 35042)

Detalles MARC
000 -LEADER
fixed length control field 00352 a2200109 4500
001 - CONTROL NUMBER
control field ART_49473
005 - DATE AND TIME OF LATEST TRANSACTION
control field 20260410162043.0
008 - FIXED-LENGTH DATA ELEMENTS--GENERAL INFORMATION
fixed length control field 260409a
100 1# - MAIN ENTRY--PERSONAL NAME
Personal name Santacruz, Lidia M.
245 10 - TITLE STATEMENT
Title Régimen de promoción de la economía del conocimiento, un incentivo a largo plazo
773 0# - HOST ITEM ENTRY
Title Impuestos
Related parts - N°57 (ago. 2019)
Record control number REV45175

No hay ítems disponibles.